Capacity enhancemenet of 2 Mbps (30 channels) PCM stream to 120 channels using ADPCM technique (Record no. 188788)

000 -LEADER
fixed length control field 00766 a2200181 4500
003 - CONTROL NUMBER IDENTIFIER
control field Nust
005 - DATE AND TIME OF LATEST TRANSACTION
control field 20170207153549.0
040 ## - CATALOGING SOURCE
Transcribing agency Nust
082 ## - DEWEY DECIMAL CLASSIFICATION NUMBER
Classification number 621.382
100 ## - MAIN ENTRY--PERSONAL NAME
Personal name Albusaidy, Ahmed Salim (MSEE-3)
245 ## - TITLE STATEMENT
Title Capacity enhancemenet of 2 Mbps (30 channels) PCM stream to 120 channels using ADPCM technique
Statement of responsibility, etc. Ahmed Salim Albusaidy
260 ## - PUBLICATION, DISTRIBUTION, ETC.
Name of publisher, distributor, etc. MCS
Date of publication, distribution, etc. May, 1999
300 ## - PHYSICAL DESCRIPTION
Extent 107 p
505 ## - FORMATTED CONTENTS NOTE
Formatted contents note Introduction (page-1), Digitization of the speech waveform (page-10), Adaptive differential pulse code modulation (page-38), Digital transmission sys (page-59), ADPCM implementation (page-71), Performance analysis and application (page-84), Conclusion and recommendations (page-93).
538 ## - SYSTEM DETAILS NOTE
System details note Almirah no 72 shelf no. 1
650 ## - SUBJECT ADDED ENTRY--TOPICAL TERM
Topical term or geographic name entry element MSEE Thesis
651 ## - SUBJECT ADDED ENTRY--GEOGRAPHIC NAME
Geographic name MSEE-3
942 ## - ADDED ENTRY ELEMENTS (KOHA)
Koha item type
Holdings
Withdrawn status Lost status Source of classification or shelving scheme Damaged status Not for loan Collection code Permanent Location Current Location Date acquired Total Checkouts Full call number Barcode Date last seen Price effective from Koha item type
            Military College of Signals (MCS) Military College of Signals (MCS) 12/12/2016   621.382 ALB MCSTEE-182 12/08/2016 12/12/2016 Book
© 2023 Central Library, National University of Sciences and Technology. All Rights Reserved.